000
00297nam a22001097a 4500
008
170105b xxu||||| |||| 00| 0 eng d
020
_a
9780323008938
041
_a
eng
080
_2
2ND
_a
618.2
245
_a
NURSING OUTCOMES CLASSIFICATION (NOC)
_c
JOHNSON, M & MAAS, M & MOORHEAD, S
942
_2
udc
_c
BK
999
_c
2589
_d
2589